The golden isles of Georgia (Record no. 5936)

MARC details
000 -CABECERA
campo de control de longitud fija 00775nam a2200253 a 4500
001 - NÚMERO DE CONTROL
campo de control BRCA_6249
005 - FECHA Y HORA DE LA ÚLTIMA TRANSACCIÓN
campo de control 20190320205402.0
008 - DATOS DE LONGITUD FIJA--INFORMACIÓN GENERAL
campo de control de longitud fija 210711s1932----u--#######---#000-0#eng-#
041 ## - CÓDIGO DE LENGUA
Código de lengua del texto/banda sonora o título independiente eng
044 ## - CÓDIGO DEL PAÍS DE LA ENTIDAD EDITORA/PRODUCTORA
Código MARC del país u
050 #4 - SIGNATURA TOPOGRÁFICA DE LA BIBLIOTECA DEL CONGRESO
Número de clasificación F286
Número de documento/Ítem .L68 1932
100 1# - ENTRADA PRINCIPAL--NOMBRE DE PERSONA
Nombre de persona Lovell, Caroline Couper
9 (RLIN) 15692
245 10 - MENCIÓN DE TÍTULO
Título The golden isles of Georgia
Mención de responsabilidad, etc. Caroline Couper Lovell.
260 ## - PUBLICACIÓN, DISTRIBUCIÓN, ETC.
Lugar de publicación, distribución, etc. Boston
Nombre del editor, distribuidor, etc. Little, Brown & Co.
Fecha de publicación, distribución, etc. c1932
300 ## - DESCRIPCIÓN FÍSICA
Extensión vii, 300 p.
Otras características físicas il.
Dimensiones 21 cm.
500 ## - NOTA GENERAL
Nota general Incluye índice alfabético e índice de ilustraciones
500 ## - NOTA GENERAL
Nota general K109
651 #4 - PUNTO DE ACCESO ADICIONAL DE MATERIA--NOMBRE GEOGRÁFICO
Nombre geográfico Georgia, Estados Unidos
Subdivisión general Historia
9 (RLIN) 15693
651 #4 - PUNTO DE ACCESO ADICIONAL DE MATERIA--NOMBRE GEOGRÁFICO
Nombre geográfico Georgia, Estados Unidos
Subdivisión general Vida social y costumbres
9 (RLIN) 15694
651 #4 - PUNTO DE ACCESO ADICIONAL DE MATERIA--NOMBRE GEOGRÁFICO
Nombre geográfico St. Simon, Isla
9 (RLIN) 15695
651 #4 - PUNTO DE ACCESO ADICIONAL DE MATERIA--NOMBRE GEOGRÁFICO
Nombre geográfico Sapelo, Isla
9 (RLIN) 15696
902 ## - CATALOGADOR
Iniciales GFM
942 ## - ELEMENTOS DE PUNTO DE ACCESO ADICIONAL (KOHA)
Fuente del sistema de clasificación o colocación Library of Congress Classification
Tipo de ítem Koha Libros
Holdings
Estado de retiro Estado de pérdida Estado dañado No para préstamo Localización permanente Ubicación/localización actual Fecha de adquisición Número de inventario Total de préstamos Signatura topográfica completa Código de barras Fecha visto por última vez Precio válido a partir de Tipo de ítem Koha
El ejemplar forma parte de la colección y puede ser consultado según las políticas vigentes.       Biblioteca del Museo Franz Mayer (Rogerio Casas-Alatriste) Biblioteca del Museo Franz Mayer (Rogerio Casas-Alatriste) 21/07/2011 K109   F286 .L68 1932 (K109) 6688 22/03/2019 22/03/2019 Libros